Системы электроснабжения на основе электрических машин с самовозбуждением; Вісник Національного технічного університету "ХПІ"; № 18 (991)

Podrobná bibliografie
Parent link:Вісник Національного технічного університету "ХПІ": збірник наукових праць/ Харьковский политехнический институт (ХПИ).— , 1985-
№ 18 (991).— 2013.— [С. 28-33]
Hlavní autor: Падалко Д. А. Дмитрий Андреевич
Korporativní autor: Национальный исследовательский Томский политехнический университет (ТПУ) Энергетический институт (ЭНИН) Кафедра электротехнических комплексов и материалов (ЭКМ)
Další autoři: Гарганеев А. Г. Александр Георгиевич
Shrnutí:Заглавие с экрана
Рассмотрены принципы генерирования электроэнергии в автономных системах электроснабжения на основе электрических машин с самовозбуждением. Показана общность процессов самовозбуждения в электрических машинах постоянного тока, асинхронных и синхронно-гистерезисных. Представлены результаты моделирования процессов самовозбуждения. Показана возможность построения регулируемых систем генерирования с полупроводниковыми преобразователями.
Jazyk:ruština
Vydáno: 2013
Témata:
On-line přístup:http://library.kpi.kharkov.ua/Vestnik/2013_18.pdf#page=32
Médium: MixedMaterials Elektronický zdroj Kapitola
KOHA link:https://koha.lib.tpu.ru/cgi-bin/koha/opac-detail.pl?biblionumber=642800

MARC

LEADER 00000nla0a2200000 4500
001 642800
005 20250210150222.0
035 |a (RuTPU)RU\TPU\network\7765 
090 |a 642800 
100 |a 20150811d2013 k||y0rusy50 ca 
101 0 |a rus 
102 |a UA 
135 |a drnn ---uucaa 
181 0 |a i  
182 0 |a b 
200 1 |a Системы электроснабжения на основе электрических машин с самовозбуждением  |f Д. А. Падалко, А. Г. Гарганеев 
203 |a Текст  |c электронный 
300 |a Заглавие с экрана 
320 |a [Библиогр.: 8 назв.] 
330 |a Рассмотрены принципы генерирования электроэнергии в автономных системах электроснабжения на основе электрических машин с самовозбуждением. Показана общность процессов самовозбуждения в электрических машинах постоянного тока, асинхронных и синхронно-гистерезисных. Представлены результаты моделирования процессов самовозбуждения. Показана возможность построения регулируемых систем генерирования с полупроводниковыми преобразователями. 
461 |t Вісник Національного технічного університету "ХПІ"  |o збірник наукових праць  |o тематичний випуск: Нові рішення в сучасних технологіях  |f Харьковский политехнический институт (ХПИ)  |d 1985- 
463 |t № 18 (991)  |v [С. 28-33]  |d 2013 
610 1 |a электронный ресурс 
610 1 |a труды учёных ТПУ 
610 1 |a электрические машины 
610 1 |a генераторы 
610 1 |a полупроводниковые преобразователи 
610 1 |a инверторы 
610 1 |a выпрямители 
700 1 |a Падалко  |b Д. А.  |c специалист в области электротехники  |c ассистент Томского политехнического университета  |f 1991-  |g Дмитрий Андреевич  |3 (RuTPU)RU\TPU\pers\35014 
701 1 |a Гарганеев  |b А. Г.  |c специалист в области электротехники  |c профессор Томского политехнического университета, доктор технических наук  |f 1955-  |g Александр Георгиевич  |3 (RuTPU)RU\TPU\pers\27965  |9 12955 
712 0 2 |a Национальный исследовательский Томский политехнический университет (ТПУ)  |b Энергетический институт (ЭНИН)  |b Кафедра электротехнических комплексов и материалов (ЭКМ)  |3 (RuTPU)RU\TPU\col\20031 
801 2 |a RU  |b 63413507  |c 20150811  |g RCR 
856 4 |u http://library.kpi.kharkov.ua/Vestnik/2013_18.pdf#page=32 
942 |c CF